书目信息 |
| 题名: |
网络信息资源检索与利用
|
|
| 作者: | 王曰芬 , 李晓鹏 , 丁晟春 编著 | |
| 分册: | ||
| 出版信息: | 南京 东南大学出版社 2009.01 |
|
| 页数: | 308页 | |
| 开本: | 24cm | |
| 丛书名: | 面向21世纪高校管理类专业核心课程系列 | |
| 单 册: | ||
| 中图分类: | G354.4 | |
| 科图分类: | ||
| 主题词: | 互联网络--hu lian wang luo--情报检索--高等学校--教材 | |
| 电子资源: | ||
| ISBN: | 978-7-81089-322-0 | |
| 000 | 01179nam 2200301 450 | |
| 001 | 012009120372 | |
| 005 | 20090917085807.93 | |
| 010 | @a978-7-81089-322-0@dCNY28.00 | |
| 100 | @a20090917d2009 em y0chiy0120 ea | |
| 101 | 0 | @achi |
| 102 | @aCN@b320000 | |
| 105 | @aa a 000yy | |
| 106 | @ar | |
| 200 | 1 | @a网络信息资源检索与利用@Awang luo xin xi zi yuan jian suo yu li yong@f王曰芬, 李晓鹏, 丁晟春编著@Fwang yue fen,li xiao peng,ding sheng chun bian zhu |
| 205 | @a修订版 | |
| 210 | @a南京@c东南大学出版社@d2009.01 | |
| 215 | @a308页@c图@d24cm | |
| 225 | 2 | @a面向21世纪高校管理类专业核心课程系列@Amian xiang 21 shi ji gao xiao guan li lei zhuan ye he xin ke cheng xi lie |
| 320 | @a有书目 (第306-308页) | |
| 330 | @a本书全面地介绍了与网络信息资源相关的基本知识、信息检索技术及其发展、信息检索的基本原理与方法。 | |
| 410 | 0 | @12001 @a面向21世纪高校管理类专业核心课程系列 |
| 606 | 0 | @a互联网络@Ahu lian wang luo@x情报检索@x高等学校@j教材 |
| 690 | @aG354.4@v4 | |
| 701 | 0 | @a王曰芬@Awang yue fen@4编著 |
| 701 | 0 | @a李晓鹏@Ali xiao peng@4编著 |
| 701 | 0 | @a丁晟春@Ading sheng chun@4编著 |
| 801 | 0 | @aCN@bQSSK@c20090917 |
| 905 | @b752921-23@dG354.4@eW441@f3 | |
| 网络信息资源检索与利用/王曰芬, 李晓鹏, 丁晟春编著.-修订版.-南京:东南大学出版社,2009.01 |
| 308页:图;24cm.-(面向21世纪高校管理类专业核心课程系列) |
| ISBN 978-7-81089-322-0:CNY28.00 |
| 本书全面地介绍了与网络信息资源相关的基本知识、信息检索技术及其发展、信息检索的基本原理与方法。 |
| ● |
| 相关链接 |
|
|
|
正题名:网络信息资源检索与利用
索取号:G354.4/W441
 
预约/预借
| 序号 | 登录号 | 条形码 | 馆藏地/架位号 | 状态 | 备注 |
| 1 | 752921 | 207529218 | 社科库409/409社科库 120排4列4层/ [索取号:G354.4/W441] | 在馆 | |
| 2 | 752922 | 207529227 | 社科库409/409社科库 120排4列4层/ [索取号:G354.4/W441] | 在馆 | |
| 3 | 752923 | 207529236 | 社科库409/409社科库 116排1列3层/ [索取号:G354.4/W441] | 在馆 |